| 000 | 00511nam a22001337a 4500 | ||
|---|---|---|---|
| 082 |
_a340 _bWAL |
||
| 100 | _aWali, Munira & Ahmed, Aftab | ||
| 245 |
_aEnhancing Criminal Law Protection for Women in Pakistan: _bA Critical Analysis of the Prevailing Legal Gaps & Proposed Legal Reforms / _cMunira Wali & Aftab Ahmed |
||
| 260 |
_aIslamabad : _bNUST Law School, _c2025. |
||
| 300 |
_a57 p. ; _c30 CM. |
||
| 563 | _aHBK. | ||
| 856 | _uhttp://10.250.8.41:8080/xmlui/handle/123456789/56168 | ||
| 942 |
_2ddc _cPR |
||
| 999 |
_c615622 _d615622 |
||